| 000 | 00000nam 2200000zi 4500 |
| 001 | 9.933993 |
| 003 | CaOODSP |
| 005 | 20241223104747 |
| 006 | m o d f |
| 007 | cr cn||||||||| |
| 008 | 240215t20242024onc o f000 0 fre d |
| 020 | |a9780660703060 |
| 040 | |aCaOODSP|bfre|erda|cCaOODSP |
| 043 | |an-cn--- |
| 086 | 1 |aH14-581/2024F-PDF |
| 245 | 00|aPrévention et traitement de la syphilis : |bconseils pour les organismes communautaires. |
| 264 | 1|a[Ottawa] : |b[Agence de santé publique du Canada], |c2024. |
| 264 | 4|c©2024 |
| 300 | |a1 ressource en ligne (2 pages non numérotées) |
| 336 | |atexte|btxt|2rdacontent/fre |
| 337 | |ainformatique|bc|2rdamedia/fre |
| 338 | |aressource en ligne|bcr|2rdacarrier/fre |
| 500 | |aTitre de départ. |
| 500 | |aLe fichier de publication en format PDF a été remplacé le 07-11-2024 à la requête de Santé Canada. |
| 500 | |aPublié aussi en anglais sous le titre : Syphilis prevention and care: tips for community-based organizations. |
| 650 | 6|aSyphilis|zCanada|xPrévention. |
| 650 | 6|aSyphilis|xTraitement|zCanada. |
| 710 | 2 |aAgence de santé publique du Canada, |eorganisme de publication. |
| 775 | 08|tSyphilis prevention and care : |w(CaOODSP)9.933990 |
| 775 | 08|t[Prévention et traitement de la syphilis] : |w(CaOODSP)9.934231 |
| 775 | 08|t[Prévention et traitement de la syphilis] : |w(CaOODSP)9.934232 |
| 775 | 08|tPrévention et traitement de la syphilis : |w(CaOODSP)9.934233 |
| 775 | 08|tPrivensyon ipi swin di syphilis : |w(CaOODSP)9.934234 |
| 775 | 08|tLi vilaen mal nakinikaywin pi nakahtoohkaywin : |w(CaOODSP)9.934235 |
| 775 | 08|tMacâspinêwin kitinikêwin êkwa nâkatêyimiwêwin : |w(CaOODSP)9.934236 |
| 775 | 08|tGaa-zanagak dinookaan majaapinewin nanaaginigaadeg miinwaa naagidowenjigewin : |w(CaOODSP)9.934237 |
| 775 | 08|tPrévention et traitement de la syphilis : |w(CaOODSP)9.934238 |
| 775 | 08|tTadał edàanỉ wech'àotǫ xè sets'ỉwhǫ : |w(CaOODSP)9.934239 |
| 775 | 08|tSyphilis Dënë ts’ı ch'a ëyi hëł bëkanëlni : |w(CaOODSP)9.935050 |
| 775 | 08|t[Prévention et traitement de la syphilis] : |w(CaOODSP)9.935759 |
| 775 | 08|t[Prévention et traitement de la syphilis] : |w(CaOODSP)9.935760 |
| 775 | 08|t[Prévention et traitement de la syphilis] : |w(CaOODSP)9.935761 |
| 775 | 08|tPagiwas at paglunas ng syphilis : |w(CaOODSP)9.935762 |
| 775 | 08|tPrevención y tratamiento de la sífilis : |w(CaOODSP)9.935764 |
| 775 | 08|t[Prévention et traitement de la syphilis] : |w(CaOODSP)9.935765 |
| 775 | 08|tKuzuia kaswende na utunzaji : |w(CaOODSP)9.935766 |
| 776 | 0#|tPrévention et traitement de la syphilis : |w(CaOODSP)9.933995 |
| 856 | 40|qPDF|s212 Ko|uhttps://publications.gc.ca/collections/collection_2024/sc-hc/H14-581-2024-fra.pdf |
| 986 | |a230797 |